| 000 | 00634cam a2200229ua 4500 | ||
|---|---|---|---|
| 001 | 6504 | ||
| 008 | 180419n ii |||gr||||Z||||||eng | ||
| 020 | _a8-18-686009-6 | ||
| 040 | _cMAIN | ||
| 041 | _aeng | ||
| 082 | _a332.46 | ||
| 245 |
_aMonetary theories and financial markets _cBy Ashwini Machey |
||
| 250 | _a1st ed. | ||
| 260 |
_aDibrugarh: _bN.L. publishers, _c2013. |
||
| 300 | _ax,128p. | ||
| 653 | _aFinancial economics | ||
| 653 | _aMonetary theories and financial markets | ||
| 700 |
_aMachey, Ashwini, _eAuthor., |
||
| 700 |
_aMachey,Jhorna sharma, _eAuthor. |
||
| 700 |
_aBharali,Priyanka, _eAuthor. |
||
| 942 | _cBK | ||
| 999 |
_c5653 _d5653 |
||